Statistics for 5 Biggest Cities : Ghana

Click here to take the quiz!

General Stats

  • This quiz has been taken 72 times
  • The average score is 3 of 5

Answer Stats

RankCity% Correct
1Accra
100%
2Kumasi
73%
3Tamale
50%
4Takoradi
32%
5Achiaman
4%

Score Distribution

Percentile by Number Answered

Percent of People with Each Score

Your Score History

You have not taken this quiz